000 00728nam a2200253Ia 4500
003 OSt
005 20220926011322.0
006 a|||||r|||| 00| 0
007 ta
008 220923b |||||||| |||| 00| 0 eng d
020 _a0691076766
037 _cGeneral Book
040 _aRTL
_cRTL
_beng
041 _2eng
_aeng
082 _aX:533.1.N8, M4
100 _aKeohane Robert O.
_979027
245 0 _aAfter hegemony
_b Co-operation and discord in the w
260 _aNew Jersey
_bPrienceton University Press
_c1984
300 _a291p. Bib p 260-80
_ccm.
650 _a Free Trade
650 _aEconomics
942 _hX:533.1.N8, M4
_cGB
_2CC
999 _c619671
_d619671